Open Data Biblioteca Nacional de Portugal


República Portuguesa: Ministério da Cultura
Biblioteca Nacional de Portugal

Catálogo da BNP: acesso por Identificadores Unívocos
Registos Bibliográficos associados ao registo de autoridade

Etiqueta de registo: 00000nam 2200025 450
001 2286327
003 http://id.bnportugal.gov.pt/bib/catbnp/2286327
100 ## $a20260514d2025 k y0pory01030103ba
101 0# $aeng$dpor
102 ## $aPT
105 ## $aa m 000yy
106 ## $ar
200 1# $aUsing lichen diversity to track the effects of climate change$ecan we do this at a global scale?$fBernardo Reis Rocha$gorient. Paula Matos, Pedro Pinho, Paolo Giordani
210 #9 $aLisboa$c[s.n.],$d2025
215 ## $aXIX, 262 p.$cil.$d30 cm$ecurriculum vitae ([8] p.)
328 #1 $aTese dout. Biologia (Ecologia), Faculdade de Ciências, Universidade de Lisboa, 2025
675 ## $a574(043)$vBN$zpor$31892755
675 ## $a582.29(043)$vBN$zpor$31241955
675 ## $a551.583(043)$vBN$zpor$31277794
700 #1 $aRocha,$bBernardo Reis,$f1994-$31998428
702 #1 $aMatos,$bPaula Sofia Antunes,$f1978-$4727$31400785
702 #1 $94$aPinho,$bPedro$4727$31687109
702 #1 $aGiordani,$bPaolo$4727$31998431
801 #0 $aPT$bBN$gRPC
966 ## $lBN$mFGMON$pF03700$sS.A. 194013 V.$x1
971 ## $corlando$d20260514
973 ## $cmlsousa$d20260608
975 ## $e0$d20260625$viquintas

OpendataBNP@bnportugal.pt | Mais informação sobre acesso aos dados BNP